Statistics for Europe Map Quiz - "B" Cities

Click here to take the quiz!

General Stats

  • This quiz has been taken 18,292 times
  • The average score is 17 of 23

Answer Stats

Answer % Correct
Barcelona
93%
Belfast
93%
Bristol
91%
Berlin
89%
Bordeaux
89%
Birmingham
88%
Bilbao
80%
Brussels
79%
Bucharest
78%
Budapest
77%
Bologna
73%
Bruges
73%
Bern
72%
Belgrade
71%
Bydgoszcz
69%
Bergen
68%
Basel
67%
Bremen
67%
Brescia
63%
Brest
60%
Brno
55%
Bari
53%
Burgas
49%

Score Distribution

Percentile by Number Answered

Percent of People with Each Score

Your Score History

You have not taken this quiz